000 01226nam a2200373 i 4500
001 10971
003 KOSZ 005
005 20220707134946.0
008 071014s1968 pl ab f |000 0 pol
015 _aPB 1968/7200
035 _a(OCoLC)838995248
040 _aWA N
_cWA N
_dKOSZ 005/EG
_dKOSZ 005/HR
041 _apol
046 _k1968
080 _a911.2/.3
080 _a(438)
100 1 _aKostrowicki, Jerzy
_d(1918-2002)
_eAutor
245 1 0 _aŚrodowisko geograficzne Polski :
_bwarunki przyrodnicze rozwoju gospodarki narodowej /
_cJerzy Kostrowicki.
250 _aWyd. 3 popr.
260 _aWarszawa :
_bPaństwowe Wydawnictwo Naukowe,
_c1968.
300 _a609, [2] s., [3] k. tabl. :
_bil., mapy ;
_c23 cm.
380 _aKsiążki
388 _a1901-2000
388 _a1945-1989
504 _aBibliogr.
650 4 _aRozwój zrównoważony
650 4 _aŚrodowisko człowieka
650 4 _aGeografia
651 4 _aPolska
658 _aGeografia i nauki o Ziemi
710 2 _aPaństwowe Wydawnictwo Naukowe
_4pbl.
856 _uhttp://koha.tu.koszalin.pl/cgi-bin/koha/opac-detail.pl?biblionumber=10971
_yKatalog online BPK
942 _2UKD
_cKS
999 _c10971
_d10971